Estadísticas para Noticias de 2023 - Nombra el País

Haz click aquí para intentar la prueba.

Estadísticas generales

  • Esta prueba ha sido intentada 1.405 veces
  • La puntuación promedio es 12 de 18

Estadísticas de respuestas

PistaPaís% Correcto
Supera a China y se convierte en el país más poblado del mundoIndia
98%
Corona a Carlos III como reyReino Unido
95%
Más de 1.000 muertos por un atentado terrorista de HamásIsrael
88%
Elección del candidato libertario Javier Milei como PresidenteArgentina
87%
El expresidente Lula da Silva asume nuevamente el cargoBrasil
83%
Lanza una contraofensiva para intentar recuperar el territorio perdido el año anteriorUcrania
83%
Trae a Neymar a su liga de fútbol profesional con un sueldo de 150 millones de euros anualesArabia Saudita
79%
Declara su intención de anexionarse la mayor parte de GuyanaVenezuela
79%
Abre una nueva cárcel para albergar a 40.000 pandilleros tatuados detenidos
en masa el año anterior
El Salvador
72%
Presunto envío de globos espía sobre el espacio aéreo de EE.UU.China
71%
Toma del enclave de Nagorno-Karabaj, obligando a huir a los residentes armenios.Azerbaiyán
62%
Este país ingresa en la OTANFinlandia
61%
Un terremoto de 7,8 grados cerca de la ciudad de Gaziantep causa más de 50.000 muertosTurquía
48%
Las fuerzas Houthi lanzan misiles contra buques en el Mar RojoYemen
41%
Gana su sexto título de la Copa del Mundo de CricketAustralia
37%
El Partido de la Libertad de Geert Wilder obtiene el mayor número de escaños
en las elecciones parlamentarias
Países Bajos
37%
Una junta militar derroca al Presidente y exige la retirada de las tropas francesasNíger
34%
Su tasa de fertilidad cae en picado hasta situarse en torno a 0,7 hijos por mujer,
la más baja jamás registrada en un país.
Corea del Sur
32%

Distribución de puntuación

Porcentaje por número respondido

Porcentaje de gente con cada puntuación

Historial de tus puntuaciones

No has intentado esta prueba.